RCD Mallorca Squad 2021-2022 - Statistics

General Stats
  • This quiz has been taken 33 times
    31 since last reset
  • The average score is 21 of 32
Answer Stats
# Position Nation Player % Correct
7 FW Kosovo Vedat Muriqi
100%
13 GK Slovakia Dominik Greif
94%
21 DF Spain Antonio Raíllo
89%
6 MF France Clément Grenier
89%
- Coach Mexico Javier Aguirre
89%
19 MF South Korea Kang-in Lee
89%
1 GK Spain Manolo Reina
89%
15 DF Argentina Pablo Maffeo
89%
14 MF Spain Dani Rodríguez
83%
24 DF Slovakia Martin Valjent
83%
10 MF Spain Antonio Sánchez
78%
12 MF Ghana Iddrisu Baba
78%
17 FW Japan Takefusa Kubo
78%
9 FW Spain Abdón Prats
72%
22 FW Spain Ángel Rodríguez
72%
2 DF Uruguay Giovanni González
72%
18 DF Spain Jaume Costa
72%
11 FW Ivory Coast Lago Júnior
72%
16 MF Argentina Rodrigo Battaglia
67%
23 FW Senegal Amath Ndiaye
61%
5 DF Argentina Franco Russo
61%
4 MF Spain Iñigo Ruiz de Galarreta
61%
8 MF Spain Salva Sevilla
61%
25 GK Spain Sergio Rico
61%
- Coach Spain Luis García
50%
11 FW United States Matthew Hoppe
50%
20 DF Serbia Aleksandar Sedlar
39%
26 FW Spain Fer Niño
39%
2 DF Spain Joan Sastre
39%
3 DF Spain Brian Oliván
33%
6 MF Spain Aleix Febas
17%
7 FW Spain Jordi Mboula
17%
No matching quizzes found
Score Distribution
Percent of People with Each Score
Percentile by Number Answered
Your Score History
You have not taken this quiz since the last reset